00450pam a2200181 a 4500020001500000082001400015245002400029250001200053260003700065300001800102500003600120650002000156650001500176650001400191650002000205700002200225700002100247 a007040126800a174.2 MAP00aBiomedical ethics / a3rd ed. aNew York :bMcGraw-Hill,cc1991. axiv, 641 p. ; aReprinted from various sources. 0aMedical ethics. 0aBioethics. 2aBioethics 2aEthics, Medical1 aMappes, Thomas A.1 aZembaty, Jane S.